• 首页
  • 本馆介绍
  • 公告通知
  • 最新文献
  • 馆藏检索
  • 电子资源
  • 读者导购
  • 参考咨询
  • 我的图书馆
  • 登录
  • 详细信息显示
  • 放入我的书架
  • 预约/预借图书
  • 作者相关作品
  • 分类相关作品
  • 丛书相关作品
  • 出版社相关作品

书目信息

  • 表格格式
  • 工作单格式
  • 卡片格式
题名:
浮选药剂的化学原理
    
 
作者: 朱玉霜 , 朱建光 编著
分册:  
出版信息: 湖南   中南工业大学出版社  1996
页数: 386
开本: 26cm
丛书名:
单 册:
中图分类: O69
科图分类:
主题词: 应用化学 , 化学--应用
电子资源:
ISBN: 7-81020-936-1
000 00648nam0 2200217 450
001 0754114953
005 20070929150154.95
010    @a7-81020-936-1
100    @a20070929d km y0chiy0120 ea
101 0  @achi
200 1  @a浮选药剂的化学原理@Afu xuan yao ji de hua xue yuan li@f朱玉霜,朱建光 编著@Fzhu yu shuang,zhu jian guang bian zhu
205    @a修订版
210    @a湖南@c中南工业大学出版社@d1996
215    @a386@c插图@d26cm
606 0  @a应用化学
606 0  @a化学@x应用
690    @aO69@v3
701  0 @a朱玉霜@Azhu yu shuang@4编著
701  0 @a朱建光@Azhu jian guang@4编著
801  0 @aCN@bPFT@c20070929
905    @a213230@dO69@eh3=2@f1
    
    浮选药剂的化学原理/朱玉霜,朱建光 编著.-修订版.-湖南:中南工业大学出版社,1996
    386:插图;26cm
    
    
    ISBN 7-81020-936-1:
    
●
相关链接 在E读中查询图书 在五车中查询图书 在当当中查询图书 在豆瓣中查询图书


正题名:浮选药剂的化学原理     索取号:O69/h3=2         预约/预借

序号 登录号 条形码 馆藏地/架位号 状态 备注
1 6000495   260004952   密集书库-化学系/ [索取号:O69/h3=2] 在馆    
唐山师范学院图书馆 欢迎您!
大连网信软件有限公司© 版权所有